Les personnages du film Les Gardiens de la Galaxie : Joyeuses Fêtes - Statistiques

Statistiques générales
  • Ce quiz a été pris 5 fois
  • Le résultat moyen est 5 sur 10
Statistiques - réponses
Réponse % Correct
Rocket
100%
Drax
80%
Groot
80%
Peter Quill / Star-Lord
80%
Nébula
60%
Cosmo
20%
Kevin Bacon
20%
Kraglin
20%
Mantis
20%
Yondu Udonta
0%
Aucun quiz correspondant
Distribution des résultats
% des personnes avec chaque résultat
Percentile par nombre de réponses
Votre historique - résultats
Vous n’avez pas pris ce quiz